| 000 | 01143nam a2200265 i 4500 | ||
|---|---|---|---|
| 003 | IT-RoINE | ||
| 005 | 20170612134346.0 | ||
| 008 | 900725s1929 sp h r ||1|||spa|d | ||
| 040 |
_aSpMaBN _cA2 IT-RoINE _dIT-RoINE |
||
| 100 | 1 |
_aGavira Martin, José, _d1903-1951 _924823 |
|
| 245 | 1 | 0 |
_aEstudios sobre la Iglesia española medieval : _bEpiscopologios de sedes navarro-aragonesas durante los siglos XI y XII / _cpor José Gavira Martín ; con un prólogo de Don Eduardo Ibarra. |
| 260 |
_aMadrid : _bJusto Lopez, _c1929. |
||
| 300 |
_a179 p. : _bfacs. ; _c21 cm. |
||
| 336 |
_2rdacontent _atext |
||
| 337 |
_2rdamedia _aunmediated |
||
| 338 |
_2rdacarrier _avolume |
||
| 500 | _aIncluye índice. | ||
| 504 | _aIncluye referencias bibliográficas. | ||
| 650 | 4 |
_aObispos _zEspaña _zAragón _xHistoria _ySiglos 11o.-12o. _924826 |
|
| 650 | 4 |
_924825 _aObispos _zNavarra (Reino) _xHistoria _ySiglos 11o.-12o. |
|
| 651 | 4 |
_929676 _aAragón (Reino) _xHistoria eclesiástica _ySiglos 11o.-12o. |
|
| 651 | 4 |
_aNavarra (Reino) _xHistoria eclesiástica _ySiglos 11o.-12o. _935661 |
|
| 700 | 1 | 2 |
_aIbarra y Rodríguez, Eduardo, _d1866-1944 _99559 |
| 942 | _cMTS | ||
| 999 |
_c12168 _d12168 |
||